000 00558nam a22002170a 4500
001 PT33884
003 AR-LpoUNG
005 20210202001004.0
008 191001suuuu||||ag |||||||||||||||||eng d
040 _aAR-LpoUNG
_bspa
_cAR-LpoUNG
_eaacr
041 _aeng
082 0 _a982.062 684per
100 1 _aSolanas, Fernando E.
245 1 0 _aPerón :
_bthe justicialist revolution
260 _as.l.
_bs.n.,
_cs.f.
653 _aSOLANAS, PINO
700 1 _aGetino, Octavio
710 2 _aGrupo Cine Liberación (Madrid)
905 _a33884
942 _cFOTOC
999 _c55325
_d55325